| 000 | 00488nam a2200169Ia 4500 | ||
|---|---|---|---|
| 005 | 20250723104357.0 | ||
| 008 | 250723s9999 xx 000 0 und d | ||
| 020 | _a9780714615004 | ||
| 082 |
_a947.0738 _bMAR |
||
| 100 | _aMarx, Karl | ||
| 245 | 4 | _aThe Eastern Question | |
| 260 |
_bRoutledge _c1994 |
||
| 300 | _a656 pages | ||
| 500 | _aFirst Published in 1994. Routledge is an imprint of Taylor & Francis, an informa company. | ||
| 650 | _aBusiness & Economics | ||
| 942 | _cENGLISH | ||
| 999 |
_c577069 _d577069 |
||